000
00294nam a22001337a 4500
003
SGT
082
_a
616.0757
_b
D12B
100
_a
BISSET,RAI
245
_a
DIFFERENTIAL DIAGNOSIS IN ABDOMINAL ULTRASOUND
250
_a
4TH
260
_a
INDIA
_b
ELSEVIER
_c
2012
300
_a
445
942
_2
ddc
_c
BK
999
_c
14319
_d
14319